00357nam a2200133Ia 4500008004100000041001200041082001600053100001200069245006100081260004000142300000800182650001600190700001700206221030s9999 xx 000 0 und d aEnglish a105.23bHer aH. Taub 0aDigital Integrated Electronicscby H. Taub, D. Schilling bMcGraw - Hill Pub.aNew Delhic1997 a650 aBE Computer aD. Schilling